Score 0/12 Timer 02:00
2 Plays Today
% Correct
France
89.7%
Norway
87.6%
Sweden
87.5%
Greece
82.7%
Turkey
82.2%
Poland
79%
Russia
77%
Latvia
74.1%
Serbia
61.6%
Cyprus
59.8%
Kosovo
58.9%
Monaco
50.7%
Remove Ads.
Support Sporcle.
Get the best of Sporcle when you Go Orange. This ad-free experience offers more features, more stats, and more fun while also helping to support Sporcle. Thank you for becoming a member.

You're not logged in!

Compare scores with friends on all Sporcle quizzes.
OR
Log In

Show Comments

Extras

Top Quizzes Today


Score Distribution

Your Account Isn't Verified!

In order to create a playlist on Sporcle, you need to verify the email address you used during registration. Go to your Sporcle Settings to finish the process.

Report this User

Report this user for behavior that violates our Community Guidelines.

Details: